Leader xxxxxxxxxx
005 __ 20070515160200.0
008 __ chi
010 0_ |a9789570516951|b平裝|dNT$260
010 0_ |a957051695X|b平裝|dNT$260
090 __ |a(nbi)b32520396
100 __ |a20010118d2001 k y0chib09 e
101 0_ |achi
102 __ |atw
105 __ |aa a 000yd
200 1_ |a天擇|e猶太人的故事|f彭滂沱著
205 __ |a初版
210 __ |a臺北市|c臺灣商務|d2001[民90]
215 0_ |a258面|c圖|d21公分
225 __ |a|v
260 1_ |a2001
300 __ |a
320 __ |a參考書目: 面251-258
517 1_ |a猶太人的故事|zchi
606 __ |2csh|a猶太民族|x歷史
681 __ |a536.87|b8654
700 _1 |a彭|b滂沱|4
702 __ |a|b|4
801 _0 |atw|b臺北科大|c20060712|gCCR
|